<?xml version="1.0" encoding="UTF-8"?>
<record
    xmlns:xsi="http://www.w3.org/2001/XMLSchema-instance"
    xsi:schemaLocation="http://www.loc.gov/MARC21/slim http://www.loc.gov/standards/marcxml/schema/MARC21slim.xsd"
    xmlns="http://www.loc.gov/MARC21/slim">

  <leader>02329cam a2200313 a 4500</leader>
  <datafield tag="020" ind1=" " ind2=" ">
    <subfield code="a">9782353401192 (pbk.)</subfield>
  </datafield>
  <datafield tag="020" ind1=" " ind2=" ">
    <subfield code="a">2353401198 (pbk.)</subfield>
  </datafield>
  <datafield tag="040" ind1=" " ind2=" ">
    <subfield code="c">MZA</subfield>
  </datafield>
  <datafield tag="082" ind1="0" ind2="4">
    <subfield code="a">709 GOU 2011 A088 Or.</subfield>
  </datafield>
  <datafield tag="245" ind1="0" ind2="2">
    <subfield code="a">L'&#xE2;ge roman :</subfield>
    <subfield code="b">arts et culture en Poitou et dans les pays charentais, Xe-XIIe /</subfield>
  </datafield>
  <datafield tag="260" ind1=" " ind2=" ">
    <subfield code="a">[Montreuil] :</subfield>
    <subfield code="b">Gourcuff Gradenigo,</subfield>
    <subfield code="c">[2011]</subfield>
  </datafield>
  <datafield tag="300" ind1=" " ind2=" ">
    <subfield code="a">335 p. :</subfield>
    <subfield code="b">ill. (chiefly col.), plans ;</subfield>
    <subfield code="c">30 cm.</subfield>
  </datafield>
  <datafield tag="500" ind1=" " ind2=" ">
    <subfield code="a">Published in conjunction with 6 exhibitions held at Mus&#xE9;e de l'aventure et du souvenir Robert Sex&#xE9;, Airvault, May 10-Aug 28, 2011; Mus&#xE9;e municipal d'Angoul&#xEA;me, May 2-Aug. 28, 2011; Mus&#xE9;e municipal de Parthenay, Apr. 17-Aug. 28, 2011; Mus&#xE9;e Sainte-Croix, Poitiers, Sept. 16, 2011-Jan. 16, 2012; Mus&#xE9;e des cordeliers, Saint-Jean-d'Ang&#xE9;ly, May 11-Sept. 4, 2011; Mus&#xE9;e arch&#xE9;ologique de Saintes, June 17-Nov. 3, 2011.</subfield>
  </datafield>
  <datafield tag="520" ind1=" " ind2=" ">
    <subfield code="a">"Les nombreuses contributions des meilleurs sp&#xE9;cialistes de l'&#xE2;ge roman en Poitou-Charentes, r&#xE9;gion connue pour son dynamisme artistique aux Xe et XIIe si&#xE8;cles, font de ce livre un ouvrage de r&#xE9;f&#xE9;rence. Un comit&#xE9; scientifique r&#xE9;unissant chercheurs et conservateurs en a &#xE9;tabli le contenu. Publi&#xE9; &#xE0; l'occasion d'expositions organis&#xE9;es dans six mus&#xE9;es, il r&#xE9;unit des textes de synth&#xE8;se et des articles in&#xE9;dits sur des d&#xE9;couvertes et des travaux r&#xE9;cents, ainsi qu'un catalogue des oeuvres expos&#xE9;es. Outre des mises au point sur l'architecture, la sculpture, la peinture ... il pr&#xE9;sente des &#xE9;tudes sur les sources d'inspiration de l'art roman, sur les transformations de la soci&#xE9;t&#xE9; et de l'&#xE9;conomie, sur l'encadrement religieux et aristocratique, et une r&#xE9;flexion originale sur la fa&#xE7;on de penser l'&#xE2;ge roman du XIXe si&#xE8;cle &#xE0; nos jours."--P. [4] of cover.</subfield>
  </datafield>
  <datafield tag="650" ind1=" " ind2="0">
    <subfield code="a">Art, Romanesque</subfield>
  </datafield>
  <datafield tag="650" ind1=" " ind2="0">
    <subfield code="a">Art, French</subfield>
  </datafield>
  <datafield tag="650" ind1=" " ind2="0">
    <subfield code="a">Architecture, Romanesque</subfield>
  </datafield>
  <datafield tag="650" ind1=" " ind2="0">
    <subfield code="a">Church architecture</subfield>
  </datafield>
  <datafield tag="650" ind1=" " ind2="0">
    <subfield code="a">Church decoration and ornament</subfield>
  </datafield>
  <datafield tag="700" ind1="1" ind2=" ">
    <subfield code="a">Brudy, Pascale.</subfield>
  </datafield>
  <datafield tag="700" ind1="1" ind2=" ">
    <subfield code="a">Ben&#xE9;teau P&#xE9;an, Anne.</subfield>
  </datafield>
  <datafield tag="710" ind1="2" ind2=" ">
    <subfield code="a">Mus&#xE9;e de l'aventure et du souvenir Robert Sex&#xE9;.</subfield>
  </datafield>
  <datafield tag="710" ind1="2" ind2=" ">
    <subfield code="a">Mus&#xE9;e municipal d'Angoul&#xEA;me.</subfield>
  </datafield>
  <datafield tag="710" ind1="2" ind2=" ">
    <subfield code="a">Mus&#xE9;e municipal de Parthenay.</subfield>
  </datafield>
  <datafield tag="710" ind1="2" ind2=" ">
    <subfield code="a">Mus&#xE9;e Sainte-Croix.</subfield>
  </datafield>
  <datafield tag="710" ind1="2" ind2=" ">
    <subfield code="a">Mus&#xE9;e des cordeliers (Saint-Jean-d'Ang&#xE9;ly, France)</subfield>
  </datafield>
  <datafield tag="710" ind1="2" ind2=" ">
    <subfield code="a">Mus&#xE9;e arch&#xE9;ologique de Saintes.</subfield>
  </datafield>
  <datafield tag="942" ind1=" " ind2=" ">
    <subfield code="c">EK</subfield>
  </datafield>
  <datafield tag="999" ind1=" " ind2=" ">
    <subfield code="c">15875</subfield>
    <subfield code="d">15875</subfield>
  </datafield>
  <datafield tag="952" ind1=" " ind2=" ">
    <subfield code="0">0</subfield>
    <subfield code="1">0</subfield>
    <subfield code="4">0</subfield>
    <subfield code="6">709_000000000000000_GOU_2011_A088_OR</subfield>
    <subfield code="7">0</subfield>
    <subfield code="9">69623</subfield>
    <subfield code="a">LBA</subfield>
    <subfield code="b">LBA</subfield>
    <subfield code="c">A088</subfield>
    <subfield code="d">2017-12-15</subfield>
    <subfield code="o">709 GOU 2011 A088 Or.</subfield>
    <subfield code="p">A11807</subfield>
    <subfield code="r">2017-12-15</subfield>
    <subfield code="w">2017-12-15</subfield>
    <subfield code="y">EK</subfield>
  </datafield>
</record>
